000 01422cam a22002175a 4500
001 L159239
008 100625s2016 xxko f 001 0 eng d
020 _a9781900915816
035 _a(Sirsi) u159239
041 0 _aeng
050 0 4 _a690.241 $2 18
110 2 _aInstitute of Historic Building Conservation
_93725
245 0 0 _aInstitute of Historic Building Conservation
_byearbook 2016
260 _aTisbury
_bCathedral Communications Limited
_c2016
300 _a100p.
_bill.
_c30cm.
505 2 _aStructure of the IHBC -- Elected and appointed officers -- Branch contacts -- Membership of the IHBC -- Chair's review -- The IHBC comes of age -- Heritage and value -- The case for incentives -- Neighbourhood planning in the Baltic Triangle -- Nudge theory -- Care in the community -- Directory of members -- HESPR companies -- Courses and events -- Empowering volunteers -- IHBC-recognised courses -- National organisations -- Local authority contacts -- Products and services -- Advertisers index
520 _aThis yearbook includes details of IHBC structure and membership, a review of the work of the organisation and its members, a directory of members and Historic Environment Service Provider (HESPR) companies, information on courses and training, lists of useful addresses and a directory of products and services.
651 4 _aUnited Kingdom
_y
690 _aConservation and restoration
942 _n0
999 _c115756
_d115756